000 01138nam a2200217 a 4500
001 000026165
005 20200930024346.0
008 110303s2005 dr abc 000 0 spa d
040 _aDO-SdBNP
_bspa
_cBNPHU
082 _a917.29602
_bK84t
100 1 _aKordas, Lubos
_953164
245 1 0 _aTesoros escondidos y perdidos en República Dominicana /
_cLubos Kordas.
260 _a[Santo Domingo] :
_bImpr. Servicios Gráficos Hernández,
_c2005.
300 _a137 p. :
_bil., mapas, retrs. ;
_c21 cm.
504 _aBibliografía: p. 135 -136.
505 0 _tLa Española, el lugar de tesoros ocultos y perdidos --
_tEl tesoro del capitán William Kidd --
_tSir Henry Morgan y la Isla Saona --
_tLa flota perdida de Francisco Bobadilla --
_tOro y joyas de Roberto Cofresí --
_tTesoros perdidos en Montecristi --
_tMisterioso cayo con tesoro de galeones --
_tSubmarino alemán con tesoros robados --
_tEpílogo --
_tSobre el autor.
590 _aInventariado, 2020/VM
650 4 _aTesoros ocultos
_zRepública Dominicana
_953165
651 4 _aRepública Dominicana
_xDescubrimiento Y Exploraciones
_953166
910 _aValidado. Control de calidad EMS
999 _c25657
_d25657